Statistiques concernant Sneakers par images #1

Cliquez ici pour prendre le quiz!

Statistiques générales

  • Ce quiz a été pris 104 fois
  • Le résultat moyen est 6 sur 16

Statistiques - réponses

Réponse% Correct
Air Force 1
91%
Air max 97
69%
Stan Smith
63%
Jordan 4
61%
Bape STA
60%
New Balance 550
60%
Vapormax
59%
Jordan 1 Mid
45%
Yeezy 350 V2
27%
Air Max 720
25%
Nike Nocta
24%
Nike Dunk Low
21%
Campus 00's
7%
Air Max 1 SC
3%
Yeezy boost 700 v2
3%
Vincinity Akimbo
0%

Distribution des résultats

Percentile par nombre de réponses

% des personnes avec chaque résultat

Votre développement - résultats

Vous n’avez pas pris ce quiz